Statistics for Kobe Bryant final game stats

Click here to take the quiz!

General Stats

  • This quiz has been taken 14 times
  • The average score is 12 of 15

Answer Stats

HintAnswer% Correct
STL1
100%
BLK1
100%
TOV2
100%
AST4
100%
Points60
100%
TRB5
91%
3PM9
91%
FT10
82%
FTA12
82%
3PA21
82%
MINS42
82%
FGA50
82%
FGM22
64%
3P%.286
0%
FG%.440
0%

Score Distribution

Percentile by Number Answered

Percent of People with Each Score

Your Score History

You have not taken this quiz